000 00256nam a22001217a 4500
008 181022b xxu||||| |||| 00| 0 eng d
041 _aeng
080 _a821
100 _a21
101 _aGJL
245 _aAmerican Fiction
_cBeach, J.W
942 _2udc
_cBK
999 _c50547
_d50547